| 000 | 01001cab a2200301 4500 | ||
|---|---|---|---|
| 001 | WB2920-28 | ||
| 008 | 090401t1993 xxu||||| |||| 00| 0 eng d | ||
| 035 | _a(Sirsi) u38161 | ||
| 041 | _aeng | ||
| 245 | _aCommercial leases review | ||
| 260 | _c1993 | ||
| 350 | _a0 | ||
| 490 |
_aFinancial Times _v28 May 1993, 9 |
||
| 490 |
_aRICS Press Release _v(PR111.93com) 27 May 1993 |
||
| 490 |
_aDoE News Release _v(372) 27 May 1993 (18) |
||
| 520 | _aProposals published by the DoE on the reform of commercial leases have been welcomed by the RICS, and cover issues such as upwards-only rent review clauses, confidentiality clauses and arbitration procedures. | ||
| 650 | _aCONFIDENTIALITY CLAUSES | ||
| 650 |
_aDISPUTE RESOLUTION _96236 |
||
| 650 | _aLEASE REFORM | ||
| 650 | _aLEASE STRUCTURE | ||
| 650 | _aLEASES | ||
| 650 | _aREFORM | ||
| 650 | _aRENT REVIEWS | ||
| 650 | _aUPWARD ONLY RENT REVIEWS | ||
| 690 | _aPROPERTY-LANDLORD AND TENANT | ||
| 942 | _n0 | ||
| 948 | _c04/03/1997 | ||
| 999 |
_c24523 _d24523 |
||